000 00541cam a2200145 4500500
005 20260208002342.0
041 _afre
042 _adc
100 1 0 _aPaganini, Andrea
_eauthor
245 0 0 _aJean Rouch, Paris, Éditions Montparnasse, 2005, 10 films de Jean Rouch, 3 compléments inédits («Le geste cinématographique»)
260 _c2005.
500 _a93
786 0 _nL'Homme | 175-176 | 3 | 2005-07-01 | p. 475d-572d | 0439-4216
856 4 1 _uhttps://shs.cairn.info/revue-l-homme-2005-3-page-475d?lang=fr&redirect-ssocas=7080
999 _c1645973
_d1645973